000 00863nam a22002297a 4500
999 _c12227
_d12227
005 20251125232835.0
008 s2546 th tha d
020 _a9745708186
040 _aNALT
041 _atha
050 _aJC273 ส852ร 2546
100 0 _aสุรพงษ์ โสธนะเสถียร
245 1 0 _aรัฐในแนวระนาบ : กลไกประชาสังคม
260 3 _aกรุงเทพฯ :
_bโรงพิมพ์ประสิทธิ์ภัณฑ์แอนด์พริ้นติ้ง,
_c2546
300 _a136 หน้า :
_b ภาพประกอบ ;
_c 21 ซม.
650 0 4 _aประชาสังคม
650 0 4 _aรัฐ
850 _aNALT
856 4 0 _uhttps://hdl.handle.net/20.500.14156/337941
_71
942 _cGB
_2lcc